[Event "EU-ch (Women) 25th"]
[Site "Rhodes"]
[Date "2025.04.03"]
[Round "4"]
[White "Khachatryan, Anna"]
[Black "Sandu, Mihaela"]
[Result "1/2-1/2"]
[WhiteElo "2091"]
[BlackElo "2230"]
[PlyCount "137"]
[EventDate "2025.03.31"]
[EventType "swiss"]
[EventRounds "11"]
[EventCountry "GRE"]
[SourceTitle "CB16_2025"]
[SourceDate "2025.04.16"]
[SourceVersion "1"]
[SourceVersionDate "2025.04.16"]
[SourceQuality "1"]

1. d4 Nf6 2. c4 e6 3. Nc3 Bb4 4. Qc2 c5 5. dxc5 Bxc5 6. Nf3 0-0 7. Bg5 Be7 8. e3 d6 9. Be2 Nbd7 10. 0-0 b6 11. Rfd1 Bb7 12. Nb5 h6 13. Bf4 e5 14. Bg3 Ne4 15. Nd2 Nxg3 16. hxg3 a6 17. Nc3 f5 18. b4 Qc7 19. Qb3 Nf6 20. Rac1 Kh8 21. Nd5 Qd8 22. Nf3 Nxd5 23. cxd5 Qd7 24. b5 a5 25. Rc6 Bd8 26. Nd2 Bc7 27. Rc3 Qf7 28. e4 Rad8 29. Rf3 Qd7 30. exf5 Rxf5 31. Bd3 Rxf3 32. gxf3 Qf7 33. Be4 g5 34. Nc4 Qd7 35. a4 Rf8 36. Qe3 Qd8 37. Kg2 Kg7 38. Rc1 Bc8 39. Qc3 Bb8 40. Qe3 Bc7 41. Qc3 Bb8 42. Ne3 h5 43. Rh1 Rh8 44. Bf5 Bxf5 45. Nxf5+ Kf6 46. g4 h4 47. Rc1 Rh7 48. Qc8 Qxc8 49. Rxc8 Bc7 50. Re8 Rd7 51. Re6+ Kf7 52. Rh6 Kg8 53. Rg6+ Kf8 54. Rxg5 Bd8 55. Rg6 Rh7 56. Kh3 Rc7 57. Rxd6 Bg5 58. Rc6 Rd7 59. d6 Bd8 60. g5 Bxg5 61. Rxb6 Kf7 62. Kg4 Bd8 63. Rc6 Ke6 64. Rc1 Rf7 65. Rc8 Rxf5 66. Rxd8 Rf4+ 67. Kg5 Rxa4 68. b6 Rb4 69. Ra8 1/2-1/2

[Event "ROM-ch (Women)"]
[Site "Craiova"]
[Date "2025.02.22"]
[Round "8"]
[White "Sandu, Mihaela"]
[Black "Maria, Lia Alexandra"]
[Result "0-1"]
[WhiteElo "2253"]
[BlackElo "2025"]
[PlyCount "52"]
[EventDate "2025.02.15"]
[EventType "swiss"]
[EventRounds "9"]
[EventCountry "ROU"]
[SourceTitle "CB09_2025"]
[SourceDate "2025.02.27"]
[SourceVersion "1"]
[SourceVersionDate "2025.02.27"]
[SourceQuality "1"]

1. e4 c5 2. Nf3 d6 3. d4 cxd4 4. Qxd4 Nf6 5. h3 Nc6 6. Qe3 g6 7. c4 Bg7 8. Nc3 0-0 9. Be2 Nb4 10. Bd1 Be6 11. Nd2 Rc8 12. 0-0 a6 13. a3 Nc6 14. Be2 Nd7 15. Nd5 Nd4 16. Rb1 Nc5 17. b3 f5 18. f3 Nc2 19. Qg5 Bxd5 20. exd5 Bf6 21. Qg3 f4 22. Qh2 Bh4 23. Kh1 Nd4 24. g4 fxg3 25. Qg2 Qd7 26. Re1 Nc2 0-1

[Event "ROM-ch (Women)"]
[Site "Craiova"]
[Date "2025.02.17"]
[Round "3"]
[White "Iordache, Alexia Andreea"]
[Black "Sandu, Mihaela"]
[Result "0-1"]
[WhiteElo "2119"]
[BlackElo "2253"]
[PlyCount "86"]
[EventDate "2025.02.15"]
[EventType "swiss"]
[EventRounds "9"]
[EventCountry "ROU"]
[SourceTitle "CB09_2025"]
[SourceDate "2025.02.27"]
[SourceVersion "1"]
[SourceVersionDate "2025.02.27"]
[SourceQuality "1"]

1. e4 c5 2. Nf3 e6 3. d4 cxd4 4. Nxd4 Nc6 5. Nc3 Qc7 6. Be3 a6 7. Be2 Nf6 8. 0-0 Be7 9. f4 d6 10. Bf3 0-0 11. Kh1 Bd7 12. Qe1 e5 13. Nxc6 Bxc6 14. f5 b5 15. g4 b4 16. g5 bxc3 17. gxf6 Bxf6 18. Qxc3 Rab8 19. Rab1 Rfc8 20. Rfd1 d5 21. exd5 e4 22. Bd4 Bxd4 23. Rxd4 Bxd5 24. Qxc7 Rxc7 25. Rxd5 exf3 26. Rc1 h5 27. b3 Rc3 28. f6 g6 29. Kg1 Re8 30. Rd3 Rxd3 31. cxd3 Re2 32. Rc8+ Kh7 33. Rf8 g5 34. Rxf7+ Kg6 35. Ra7 Kxf6 36. Rxa6+ Kf5 37. h3 Kf4 38. Ra5 Rb2 39. Rc5 g4 40. hxg4 hxg4 41. Rc1 Kg3 42. d4 Rg2+ 43. Kf1 Rh2 0-1

[Event "ROM-ch (Women)"]
[Site "Craiova"]
[Date "2025.02.16"]
[Round "2"]
[White "Sandu, Mihaela"]
[Black "Trifoi, Mihaela Ioana"]
[Result "1-0"]
[WhiteElo "2253"]
[BlackElo "1990"]
[PlyCount "99"]
[EventDate "2025.02.15"]
[EventType "swiss"]
[EventRounds "9"]
[EventCountry "ROU"]
[SourceTitle "CB09_2025"]
[SourceDate "2025.02.27"]
[SourceVersion "1"]
[SourceVersionDate "2025.02.27"]
[SourceQuality "1"]

1. e4 c6 2. Nc3 d5 3. Nf3 Bg4 4. h3 Bxf3 5. Qxf3 e6 6. g3 Nd7 7. Bg2 Ngf6 8. Qe2 Qc7 9. 0-0 d4 10. Nb1 Bd6 11. d3 c5 12. a4 a6 13. Nd2 0-0 14. Nc4 Be7 15. a5 Ra7 16. b3 b5 17. axb6 Nxb6 18. Bf4 Qd8 19. Na5 Qd7 20. h4 Ne8 21. h5 f6 22. Bh3 Bd6 23. e5 fxe5 24. Bxe5 Nc7 25. Rae1 Nbd5 26. Bxd6 Qxd6 27. Nc4 Qe7 28. Bxe6+ Nxe6 29. Qxe6+ Qxe6 30. Rxe6 Nb4 31. Re5 Rc7 32. Na3 Rfc8 33. Rfe1 Kf8 34. R1e2 Ra8 35. Nc4 Rd8 36. Kg2 Nd5 37. Re6 Re7 38. Rxe7 Nxe7 39. Re6 Nd5 40. Rxa6 Nb4 41. Ra7 Nxc2 42. Ne5 Rd5 43. f4 Rd8 44. Rf7+ Kg8 45. Rc7 Na1 46. Rb7 Nc2 47. Kf3 Rc8 48. g4 Re8 49. g5 g6 50. h6 1-0

[Event "ROM-chT (Women)"]
[Site "Mamaia"]
[Date "2024.10.01"]
[Round "2.1"]
[White "Hoanca, Alexia Ioana"]
[Black "Sandu, Mihaela"]
[Result "1/2-1/2"]
[WhiteElo "1962"]
[BlackElo "2248"]
[PlyCount "77"]
[EventDate "2024.09.30"]
[EventType "team-tourn"]
[EventRounds "7"]
[EventCountry "ROU"]
[SourceTitle "EXT 2025"]
[Source "ChessBase"]
[SourceDate "2024.10.14"]
[SourceVersion "1"]
[SourceVersionDate "2024.10.14"]
[SourceQuality "1"]
[WhiteTeam "Bucuresti UVT (W)"]
[BlackTeam "Timisoara Medicina (W)"]
[WhiteTeamCountry "ROU"]
[BlackTeamCountry "ROU"]

1. e4 e5 2. Nf3 Nc6 3. Bb5 a6 4. Ba4 Nf6 5. 0-0 Be7 6. Re1 b5 7. Bb3 d6 8. c3 0-0 9. d4 Bg4 10. Be3 exd4 11. cxd4 Na5 12. Bc2 Nc4 13. Bc1 c5 14. b3 Na5 15. Nbd2 Nc6 16. h3 Bh5 17. g4 Bg6 18. Bb2 Rc8 19. a4 cxd4 20. Nxd4 Nxd4 21. Bxd4 d5 22. Ra2 dxe4 23. Bxf6 Bxf6 24. Nxe4 Bd4 25. axb5 axb5 26. Ng3 Bxf2+ 27. Kxf2 Rxc2+ 28. Rxc2 Qxd1 29. Rxd1 Bxc2 30. Rd5 Rb8 31. b4 h6 32. Ne2 Bb3 33. Rc5 Bc4 34. Nd4 Kh7 35. Nc6 Ra8 36. Na5 Bd3 37. Rd5 Bc4 38. Rc5 Bd3 39. Rd5 1/2-1/2

[Event "Bucharest Queens"]
[Site "Bucharest"]
[Date "2024.08.21"]
[Round "4"]
[White "Sandu, Mihaela"]
[Black "Kubicka, Anna"]
[Result "1-0"]
[WhiteElo "2246"]
[BlackElo "2292"]
[PlyCount "109"]
[EventDate "2024.08.19"]
[EventType "tourn"]
[EventRounds "9"]
[EventCountry "ROU"]
[SourceTitle "CBM 221 Extra"]
[Source "ChessBase"]
[SourceDate "2024.09.30"]
[SourceVersion "1"]
[SourceVersionDate "2024.09.30"]
[SourceQuality "1"]

1. e4 c5 2. Nf3 d6 3. d4 Nf6 4. Nc3 cxd4 5. Nxd4 g6 6. g3 Bg7 7. Bg2 0-0 8. 0-0 Nc6 9. Nde2 a6 10. h3 Bd7 11. Nd5 Nxd5 12. exd5 Ne5 13. c3 Bb5 14. a4 Bc4 15. b3 Bxe2 16. Qxe2 Rc8 17. Bd2 Nd7 18. Rfc1 Nc5 19. Rab1 Re8 20. Be3 Qd7 21. a5 Qf5 22. Qd1 Qd3 23. c4 Qxd1+ 24. Rxd1 Bc3 25. b4 Nd7 26. Rdc1 Bg7 27. c5 Nf6 28. c6 bxc6 29. dxc6 d5 30. b5 axb5 31. Rxb5 e6 32. a6 Ra8 33. a7 Rec8 34. Rcb1 Ne8 35. Rb8 Be5 36. Rxc8 Rxc8 37. Bf4 Bxf4 38. gxf4 Ra8 39. Rb8 Rxa7 40. Rxe8+ Kg7 41. Bf1 Kf6 42. Kg2 Re7 43. Rd8 Rc7 44. Bb5 Ke7 45. Rd7+ Rxd7 46. cxd7 f6 47. Kf3 e5 48. fxe5 fxe5 49. Ke3 g5 50. Bc6 h5 51. Bxd5 Kxd7 52. Bf3 h4 53. Bg4+ Ke7 54. Ke4 Kd6 55. f3 1-0

[Event "Arad op 17th"]
[Site "Arad"]
[Date "2024.08.11"]
[Round "9"]
[White "Magold, Filip"]
[Black "Sandu, Mihaela"]
[Result "1/2-1/2"]
[WhiteElo "2425"]
[BlackElo "2246"]
[PlyCount "51"]
[EventDate "2024.08.05"]
[EventType "swiss"]
[EventRounds "9"]
[EventCountry "ROU"]
[SourceTitle "CBM 221 Extra"]
[Source "ChessBase"]
[SourceDate "2024.09.30"]
[SourceVersion "1"]
[SourceVersionDate "2024.09.30"]
[SourceQuality "1"]

1. e4 e5 2. Nf3 Nc6 3. Bb5 a6 4. Ba4 Nf6 5. d3 Bc5 6. Nc3 d6 7. h3 b5 8. Bb3 Na5 9. 0-0 h6 10. Be3 Bxe3 11. fxe3 0-0 12. Qe1 c5 13. Nd5 Nxb3 14. Nxf6+ Qxf6 15. axb3 Qe7 16. Rf2 g6 17. b4 Bb7 18. bxc5 dxc5 19. Qc3 Rae8 20. Nd2 Rc8 21. Raf1 f6 22. b3 Kg7 23. Qa1 Rce8 24. Nf3 Rf7 25. Nd2 Ref8 26. Nf3 1/2-1/2

[Event "Timisoara Foisor Memorial Rapid"]
[Site "Timisoara"]
[Date "2024.08.04"]
[Round "5"]
[White "Cernov, Henrik"]
[Black "Sandu, Mihaela"]
[Result "0-1"]
[WhiteElo "2133"]
[BlackElo "2246"]
[PlyCount "90"]
[EventDate "2024.08.03"]
[EventType "swiss (rapid)"]
[EventRounds "9"]
[EventCountry "ROU"]
[SourceTitle "CBM 221 Extra"]
[Source "ChessBase"]
[SourceDate "2024.09.30"]
[SourceVersion "1"]
[SourceVersionDate "2024.09.30"]
[SourceQuality "1"]

1. e4 e5 2. Nf3 Nc6 3. Bb5 a6 4. Ba4 Nf6 5. Nc3 d6 6. Bxc6+ bxc6 7. d4 exd4 8. Nxd4 c5 9. Nc6 Qd7 10. Na5 Qg4 11. Qxg4 Bxg4 12. Bf4 Be7 13. f3 Be6 14. 0-0-0 Nd7 15. Rhe1 Ne5 16. Nd5 Bxd5 17. exd5 0-0 18. Bxe5 dxe5 19. Rxe5 Bd6 20. Re4 f5 21. Re6 Bxh2 22. Rde1 g5 23. c4 g4 24. Nb7 Kf7 25. Re7+ Kg6 26. Nxc5 h5 27. Nd7 Rfd8 28. c5 h4 29. fxg4 fxg4 30. R1e4 Kf5 31. c6 h3 32. gxh3 gxh3 33. Rh4 Rh8 34. Reh7 Bf4+ 35. Kd1 Rxh7 36. Rxh7 h2 37. Ke2 Rg8 38. Nc5 Rg2+ 39. Kf3 Rg3+ 40. Kf2 Rg8 41. Ne6 Bd6 42. Rh5+ Ke4 43. b4 Rg1 44. Rh4+ Kxd5 45. Nf8 h1Q 0-1

[Event "Timisoara Foisor Memorial Rapid"]
[Site "Timisoara"]
[Date "2024.08.03"]
[Round "2"]
[White "Sandu, Mihaela"]
[Black "Stremavicius, Titas"]
[Result "0-1"]
[WhiteElo "2246"]
[BlackElo "2520"]
[PlyCount "48"]
[EventDate "2024.08.03"]
[EventType "swiss (rapid)"]
[EventRounds "9"]
[EventCountry "ROU"]
[SourceTitle "CBM 221 Extra"]
[Source "ChessBase"]
[SourceDate "2024.09.30"]
[SourceVersion "1"]
[SourceVersionDate "2024.09.30"]
[SourceQuality "1"]

1. e4 c5 2. Nf3 e6 3. d4 cxd4 4. Nxd4 Nf6 5. Nc3 Nc6 6. Ndb5 Bc5 7. Nd6+ Ke7 8. Nxc8+ Rxc8 9. Bd3 a6 10. 0-0 Qc7 11. Kh1 d6 12. Qf3 Ne5 13. Qg3 h5 14. Bg5 Bd4 15. Ne2 Bxb2 16. Rab1 Nxd3 17. cxd3 Qc2 18. Qf3 b5 19. Nf4 Rc5 20. e5 dxe5 21. Nxh5 e4 22. Qe3 Rxg5 23. Qxg5 Rxh5 24. Qg3 Be5 0-1

[Event "Cluj GP Rapid"]
[Site "Cluj"]
[Date "2024.06.14"]
[Round "7"]
[White "Grigoras, Alexandru Nicolae"]
[Black "Sandu, Mihaela"]
[Result "1-0"]
[WhiteElo "1701"]
[BlackElo "2246"]
[PlyCount "143"]
[EventDate "2024.06.13"]
[EventType "swiss (rapid)"]
[EventRounds "10"]
[EventCountry "ROU"]
[SourceTitle "CBM 220 Extra"]
[Source "ChessBase"]
[SourceDate "2024.07.31"]
[SourceVersion "1"]
[SourceVersionDate "2024.07.31"]
[SourceQuality "1"]

1. d4 Nf6 2. Nf3 e6 3. h3 b6 4. Bf4 Bb7 5. e3 d6 6. Be2 Nbd7 7. 0-0 g6 8. Nbd2 Bg7 9. c3 0-0 10. Re1 Qe7 11. Nf1 e5 12. dxe5 Nxe5 13. Nxe5 dxe5 14. Bg3 a5 15. Qc2 a4 16. Rad1 a3 17. b3 Ne8 18. c4 Nd6 19. Nd2 Nf5 20. Bh2 Nh4 21. e4 Qg5 22. Bg3 f5 23. Nf3 Nxf3+ 24. Bxf3 f4 25. Bh2 Qe7 26. Rd2 Rfd8 27. Red1 Bf6 28. Qc3 Rxd2 29. Rxd2 Rd8 30. g3 g5 31. Kf1 Bc8 32. g4 h5 33. Ke2 Rd4 34. Rxd4 exd4 35. Qe1 hxg4 36. hxg4 Bb7 37. Kd3 Be5 38. Bg1 Qh7 39. Qf1 Qe7 40. Qe1 Bc6 41. Bd1 b5 42. f3 Qc5 43. Qd2 Qb6 44. Bf2 bxc4+ 45. bxc4 Kg7 46. Bb3 Qc5 47. Be1 Qf8 48. Qa5 Bd6 49. Qxg5+ Kh7 50. Qf5+ Qxf5 51. gxf5 Bb7 52. Bf2 c5 53. Be1 Kg7 54. Bd2 Bc6 55. Bc1 Be8 56. Bxa3 Kf6 57. Bc1 Kg5 58. Bd2 Kh4 59. a4 Kg3 60. Bd1 Bc6 61. a5 Bb7 62. Be1+ Kg2 63. f6 Ba6 64. Bh4 Kh3 65. Bg5 Kg3 66. f7 Bf8 67. e5 Bc8 68. a6 Bxa6 69. e6 Bc8 70. e7 Bxe7 71. Bxe7 Kf2 72. f8Q 1-0

[Event "Cluj GP Rapid"]
[Site "Cluj"]
[Date "2024.06.13"]
[Round "3"]
[White "Glek, Igor Vladimirovich"]
[Black "Sandu, Mihaela"]
[Result "1-0"]
[WhiteElo "2391"]
[BlackElo "2246"]
[PlyCount "65"]
[EventDate "2024.06.13"]
[EventType "swiss (rapid)"]
[EventRounds "10"]
[EventCountry "ROU"]
[SourceTitle "CBM 220 Extra"]
[Source "ChessBase"]
[SourceDate "2024.07.31"]
[SourceVersion "1"]
[SourceVersionDate "2024.07.31"]
[SourceQuality "1"]

1. e4 e5 2. Nf3 Nc6 3. Nc3 Nf6 4. g3 d5 5. exd5 Nxd5 6. Bg2 Nxc3 7. bxc3 Bd6 8. 0-0 0-0 9. Rb1 Rb8 10. d4 Re8 11. Ng5 Bf5 12. f4 exf4 13. Nxf7 Kxf7 14. Bxf4 Kg8 15. Bxd6 Qxd6 16. Rxf5 Ne7 17. Re5 Ng6 18. Rxe8+ Rxe8 19. Rxb7 Qe7 20. Qd2 h6 21. Rxa7 Kh8 22. Ra8 Rxa8 23. Bxa8 Qe6 24. a4 c6 25. Bb7 Ne7 26. a5 Qa2 27. a6 Qb1+ 28. Kg2 Qb6 29. Qf4 Nd5 30. Qf8+ Kh7 31. Qf5+ Kh8 32. Qc8+ Kh7 33. Qxc6 1-0

[Event "EU-ch (Women) 24th"]
[Site "Rhodes"]
[Date "2024.04.28"]
[Round "9"]
[White "Atalik, Ekaterina"]
[Black "Sandu, Mihaela"]
[Result "0-1"]
[WhiteElo "2406"]
[BlackElo "2253"]
[PlyCount "50"]
[EventDate "2024.04.19"]
[EventType "swiss"]
[EventRounds "10"]
[EventCountry "GRE"]
[SourceTitle "CBM 219 Extra"]
[Source "ChessBase"]
[SourceDate "2024.05.31"]
[SourceVersion "1"]
[SourceVersionDate "2024.05.31"]
[SourceQuality "1"]

1. c4 e5 2. Nc3 g6 3. Nf3 Bg7 4. e3 f5 5. d4 e4 6. Nd2 c6 7. h4 Nf6 8. h5 d5 9. Be2 Be6 10. b3 0-0 11. hxg6 hxg6 12. Bb2 a5 13. Qc2 Na6 14. c5 Nb4 15. Qb1 f4 16. a3 fxe3 17. fxe3 Ng4 18. Bxg4 Bxg4 19. axb4 Qg5 20. Nd1 Bh5 21. Nxe4 dxe4 22. Rg1 Qg3+ 23. Kd2 Rf2+ 24. Kc1 Bxd1 25. Qxe4 Bxb3 0-1

[Event "ROM-ch (Women)"]
[Site "Eforie Nord"]
[Date "2024.02.24"]
[Round "1"]
[White "Sandu, Mihaela"]
[Black "Hoanca, Alexia Ioana"]
[Result "1-0"]
[WhiteElo "2270"]
[BlackElo "1748"]
[PlyCount "67"]
[EventDate "2024.02.24"]
[EventType "swiss"]
[EventRounds "9"]
[EventCountry "ROU"]
[SourceTitle "CBM 219 Extra"]
[Source "ChessBase"]
[SourceDate "2024.05.31"]
[SourceVersion "1"]
[SourceVersionDate "2024.05.31"]
[SourceQuality "1"]

1. e4 c6 2. d4 d5 3. e5 Bf5 4. h4 h6 5. g4 Be4 6. f3 Bh7 7. e6 Nf6 8. Ne2 fxe6 9. Nf4 Qd6 10. Qe2 Kf7 11. g5 Nfd7 12. g6+ Bxg6 13. h5 Bf5 14. Bh3 c5 15. dxc5 Nxc5 16. Nc3 Bxh3 17. Rxh3 Nbd7 18. Ng6 Rg8 19. Bf4 e5 20. Bxe5 Qe6 21. Rh1 Rd8 22. 0-0-0 Nf6 23. Qf2 Ncd7 24. Bd4 Qf5 25. Bxf6 Nxf6 26. Rde1 Nxh5 27. Ne5+ Ke8 28. Qxa7 e6 29. Qxb7 Bd6 30. Nc6 Qg5+ 31. Kb1 Nf4 32. Rhg1 Qf6 33. Nxd8 Kxd8 34. Qa8+ 1-0

[Event "EU-chT (Women) 24th"]
[Site "Budva"]
[Date "2023.11.17"]
[Round "6.2"]
[White "Hagarova, Zuzana"]
[Black "Sandu, Mihaela"]
[Result "0-1"]
[WhiteElo "2292"]
[BlackElo "2292"]
[PlyCount "64"]
[EventDate "2023.11.11"]
[EventType "team-swiss"]
[EventRounds "9"]
[EventCountry "MNE"]
[SourceTitle "CBM 217 Extra"]
[Source "ChessBase"]
[SourceDate "2024.01.31"]
[SourceVersion "1"]
[SourceVersionDate "2024.01.31"]
[SourceQuality "1"]
[WhiteTeam "Slovakia (W)"]
[BlackTeam "Romania (W)"]
[WhiteTeamCountry "SVK"]
[BlackTeamCountry "ROU"]

1. e4 c5 2. Nf3 d6 3. d4 cxd4 4. Qxd4 Nc6 5. Bb5 Bd7 6. Bxc6 Bxc6 7. Nc3 Nf6 8. Bg5 e6 9. 0-0-0 Be7 10. Qd3 Qa5 11. Rhe1 h6 12. Bh4 0-0 13. Nd4 Rfe8 14. f3 Rac8 15. Kb1 a6 16. Bf2 b5 17. g4 Nd7 18. f4 Nc5 19. Qf3 b4 20. Nxc6 Rxc6 21. Ne2 Na4 22. Be3 Nxb2 23. Nd4 Nxd1 24. Rxd1 Rc3 25. Qe2 Bf6 26. g5 hxg5 27. fxg5 Bxg5 28. Bxg5 Qxg5 29. Qxa6 Qg4 30. Re1 Re3 31. Rxe3 Qd1+ 32. Kb2 Qxd4+ 0-1

[Event "FIDE Grand Swiss (Women)"]
[Site "Douglas"]
[Date "2023.11.03"]
[Round "9"]
[White "Gomez Barrera, Javiera Belen"]
[Black "Sandu, Mihaela"]
[Result "0-1"]
[WhiteElo "2266"]
[BlackElo "2298"]
[PlyCount "66"]
[EventDate "2023.10.25"]
[EventType "swiss"]
[EventRounds "11"]
[EventCountry "IOM"]
[SourceTitle "CBM 217"]
[Source "ChessBase"]
[SourceDate "2023.12.31"]
[SourceVersion "1"]
[SourceVersionDate "2023.12.31"]
[SourceQuality "1"]

1. e4 e5 2. Nf3 Nc6 3. Bc4 Bc5 4. d3 Nf6 5. Bg5 h6 6. Bh4 Be7 7. Bg3 d6 8. c3 0-0 9. a4 a5 10. Nbd2 Kh8 11. Qb3 Qe8 12. h3 Nh5 13. Bh2 Nf4 14. Bxf4 exf4 15. 0-0 g5 16. d4 h5 17. e5 g4 18. exd6 cxd6 19. hxg4 hxg4 20. Nh2 f5 21. Rfe1 Qh5 22. Be6 Bh4 23. Ndf1 f3 24. Bxc8 Raxc8 25. Qd5 Rfe8 26. Rxe8+ Rxe8 27. gxf3 Bxf2+ 28. Kxf2 g3+ 29. Kg1 gxh2+ 30. Kh1 Qh3 31. f4 Re2 32. c4 Qg4 33. Nxh2 Qh3 0-1

[Event "FIDE Grand Swiss (Women)"]
[Site "Douglas"]
[Date "2023.11.02"]
[Round "8"]
[White "Roebers, Eline"]
[Black "Sandu, Mihaela"]
[Result "1-0"]
[WhiteElo "2390"]
[BlackElo "2298"]
[PlyCount "99"]
[EventDate "2023.10.25"]
[EventType "swiss"]
[EventRounds "11"]
[EventCountry "IOM"]
[SourceTitle "CBM 217"]
[Source "ChessBase"]
[SourceDate "2023.12.31"]
[SourceVersion "1"]
[SourceVersionDate "2023.12.31"]
[SourceQuality "1"]

1. d4 c5 2. d5 Nf6 3. c4 g6 4. Nc3 d6 5. e4 Bg7 6. Nf3 a6 7. a4 0-0 8. Bd3 e5 9. h3 Nh5 10. Bc2 Nf4 11. g3 Nxh3 12. Be3 Bg4 13. Bd3 f5 14. exf5 gxf5 15. Rxh3 Bxh3 16. Ng5 Bg4 17. f3 e4 18. fxg4 exd3 19. Ne6 Qe7 20. Qxd3 Nd7 21. gxf5 Rf7 22. 0-0-0 b5 23. g4 Ne5 24. Qe4 bxc4 25. g5 Nd3+ 26. Rxd3 cxd3 27. f6 Bxf6 28. gxf6 Qxf6 29. Qg4+ Kh8 30. Ne4 Qf1+ 31. Qd1 Rb8 32. Nxd6 Qxd1+ 33. Kxd1 Rf1+ 34. Kd2 Rxb2+ 35. Kxd3 Rb3+ 36. Ke4 h5 37. Nf4 Re1 38. Nf5 Rb4+ 39. Kf3 Rf1+ 40. Kg3 Rxa4 41. d6 Ra3 42. Kg2 Rxe3 43. Kxf1 Re8 44. Ne6 c4 45. d7 Rb8 46. Ne7 c3 47. Nc8 Rb1+ 48. Ke2 Rb2+ 49. Ke3 Rd2 50. Nd4 1-0

[Event "FIDE Grand Swiss (Women)"]
[Site "Douglas"]
[Date "2023.10.29"]
[Round "5"]
[White "Sandu, Mihaela"]
[Black "Wagner, Dinara"]
[Result "1/2-1/2"]
[WhiteElo "2298"]
[BlackElo "2461"]
[PlyCount "66"]
[EventDate "2023.10.25"]
[EventType "swiss"]
[EventRounds "11"]
[EventCountry "IOM"]
[SourceTitle "CBM 217"]
[Source "ChessBase"]
[SourceDate "2023.12.31"]
[SourceVersion "1"]
[SourceVersionDate "2023.12.31"]
[SourceQuality "1"]

1. e4 c5 2. Nf3 d6 3. d4 cxd4 4. Nxd4 Nf6 5. Nc3 a6 6. Be2 e5 7. Nf3 Be7 8. Be3 0-0 9. 0-0 h6 10. Bc4 Nc6 11. Qe2 Na5 12. Bd5 Nxd5 13. Nxd5 Nc6 14. Bb6 Qd7 15. Rfd1 f5 16. exf5 Rxf5 17. Nd2 Bf8 18. Ne4 Rf7 19. f3 a5 20. c4 Ra6 21. Kh1 Qf5 22. Qe3 Nb4 23. Nxb4 axb4 24. c5 dxc5 25. Bxc5 Be6 26. b3 Qf4 27. Qxf4 exf4 28. Rd8 Bxb3 29. Bxb4 Bxa2 30. Nd6 Rf6 31. Ne4 Rf5 32. h4 g5 33. h5 Ra4 1/2-1/2